000 00579nam a2200217Ia 4500
003 OSt
005 20220924143317.0
006 a|||||r|||| 00| 0
007 ta
008 220923b |||||||| |||| 00| 0 urd d
024 _a307707
037 _cTextual
040 _aARTS
_cARTS
_burd
041 _2urd
_aurd
082 _az(Q7).2, 168M2
100 _aFarooqi Amadul hasan azad
_9215385
245 0 _aHindustan mein islami uloom wa adbiyat
260 _c1982
942 _hz(Q7).2, 168M2
_cTEXL
_2CC
999 _c454029
_d454029